书目信息 |
| 题名: |
工程制图与识图
|
|
| 作者: | 王侠 主编 | |
| 分册: | ||
| 出版信息: | 北京 中国电力出版社 2009.01 |
|
| 页数: | 234页 | |
| 开本: | 26cm | |
| 丛书名: | ||
| 单 册: | ||
| 中图分类: | TB23 | |
| 科图分类: | ||
| 主题词: | 工程制图--gong cheng zhi tu--高等教育--教材 , 工程制图--gong cheng zhi tu--识图--高等教育--教材 | |
| 电子资源: | ||
| ISBN: | 978-7-5083-7916-6 | |
| 000 | 00932nam0 2200253 450 | |
| 001 | 012009445977 | |
| 005 | 20181214110513.16 | |
| 010 | @a978-7-5083-7916-6@dCNY32.00 | |
| 100 | @a20091006d2009 em y0chiy0120 ea | |
| 101 | 0 | @achi |
| 102 | @aCN@b110000 | |
| 105 | @aa a 000yy | |
| 200 | 1 | @a工程制图与识图@Agong cheng zhi tu yu shi tu@f王侠主编@Fwang xia zhu bian |
| 210 | @a北京@c中国电力出版社@d2009.01 | |
| 215 | @a234页@c图@d26cm | |
| 300 | @a全国高职高专工程测量技术专业规划教材 | |
| 320 | @a有书目 (第234页) | |
| 330 | @a本书共分10章,主要讲述了正投影法基本原理和土建类工程图的识读方法。内容包括:正投影基础、轴测图、立体表面交线、工程物体的表达方法、路桥工程图等。 | |
| 606 | 0 | @a工程制图@Agong cheng zhi tu@x高等教育@j教材 |
| 606 | 0 | @a工程制图@Agong cheng zhi tu@x识图@x高等教育@j教材 |
| 690 | @aTB23@v4 | |
| 701 | 0 | @a王侠@Awang xia@4主编 |
| 801 | 0 | @aCN@bQSSK@c20091006 |
| 905 | @b760771-75@dTB23@eW400@f5 | |
| 工程制图与识图/王侠主编.-北京:中国电力出版社,2009.01 |
| 234页:图;26cm |
| 全国高职高专工程测量技术专业规划教材 |
| ISBN 978-7-5083-7916-6:CNY32.00 |
| 本书共分10章,主要讲述了正投影法基本原理和土建类工程图的识读方法。内容包括:正投影基础、轴测图、立体表面交线、工程物体的表达方法、路桥工程图等。 |
| ● |
| 相关链接 |
|
|
|
正题名:工程制图与识图
索取号:TB23/W400
 
预约/预借
| 序号 | 登录号 | 条形码 | 馆藏地/架位号 | 状态 | 备注 |
| 1 | 1282541 | 212825415 | 期刊室512/501自科库 6排2列5层/ [索取号:TB23/W400] | 在馆 | |
| 2 | 760771 | 207607712 | 期刊室512/501自科库 6排2列5层/ [索取号:TB23/W400] | 在馆 | |
| 3 | 760772 | 207607721 | 自科库501/501自科库 6排2列5层/ [索取号:TB23/W400] | 在馆 | |
| 4 | 760773 | 207607730 | 城院文库/ [索取号:TB23/W400] | 在馆 | |
| 5 | 760774 | 207607749 | 自科库501/501自科库 6排2列5层/ [索取号:TB23/W400] | 在馆 | |
| 6 | 760775 | 207607758 | 期刊室512/501自科库 6排2列5层/ [索取号:TB23/W400] | 在馆 |